Представление документа в формате MARC21

ПолеНазваниеЗначение
  Тип записи a
  Библиографический уровень m
001 Контрольный номер RU\infra-m\znanium\bibl\2169274
005 Дата корректировки 20260429142123.1
008 Кодируемые данные 260303s2024 RU g rus u
020 Индекс ISBN __
a ISBN 978-5-16-020310-2
020 Индекс ISBN __
a ISBN 978-5-16-112921-0 (электр. издание)
040 Источник каталогиз. __
a Служба первич. каталог. Общество с ограниченной ответственностью «ЗНАНИУМ»
041 Код языка издания __
a Код языка текста rus
044 Код страны публикации __
a Код страны публикации RU
080 Индекс УДК __
a Индекс УДК 355+378(075.8)
084 Индекс другой классификации/Индекс ББК __
2 Источник индекса rubbk
a Индекс другой классификации/Индекс ББК 68:74.4я73
084 Индекс другой классификации/Индекс ББК __
2 Источник индекса okso
a Индекс другой классификации/Индекс ББК 00.03.41
084 Индекс другой классификации/Индекс ББК __
2 Источник индекса okso
a Индекс другой классификации/Индекс ББК 00.05.17
084 Индекс другой классификации/Индекс ББК __
2 Источник индекса okso
a Индекс другой классификации/Индекс ББК 56.05.01
084 Индекс другой классификации/Индекс ББК __
2 Источник индекса okso
a Индекс другой классификации/Индекс ББК 56.05.05
100 Автор __
a Автор Лепешинский И.Ю.
q Полное имя Лепешинский Игорь Юрьевич
u Дополнение Омский государственный технический университет
245 Заглавие __
a Заглавие Военная подготовка в 2-х частях. Часть II
b Продолж. заглавия Учебник
c Ответственность Омский государственный технический университет
250 Сведения об издании __
a Основные сведения об издании 1
260 Выходные данные __
a Место издания Москва
b Издательство ООО "Научно-издательский центр ИНФРА-М"
c Дата издания 2025
300 Физическое описание __
a Объем 564 с.
440 Серия __
a Серия Военное образование (ОмГТУ)
520 Аннотация __
a Аннотация Учебник состоит из двух частей. В нем раскрыты базовые положения военной подготовки. Во второй части рассмотрено основное содержание военно-исторической военно-технической (специальной) военно-инженерной подготовки радиационной химической и биологической защиты подготовки по связи изложены основные вопросы обучения военнослужащих и морально-психологического обеспечения боевой деятельности войск (сил). Может быть использован для подготовки студентов и учащихся учебных заведений где программами предусмотрено изучение основ военной подготовки.
521 Примеч. о цел. назн. __
a Примеч. о целев. назн. Профессиональное образование
650 Тематические рубрики __
a Основная рубрика Военное дело. Оружие. Спецслужбы
x Основная подрубрика Теория военного искусства
655 Указ. предметных рубрик (устаревшее) __
a Жанр/ форма (устаревшее) Учебник
700 Другие авторы __
a Другие авторы Блонский Ю.П.
q Полное имя Блонский Юрий Петрович
u Дополнение Омский государственный технический университет
856 Электронный адрес документа 4_
a Имя сервера/домена znanium.ru
m Помощь ebs_support@infra-m.ru
n Местонахождение сервера НИЦ ИНФРА-М
u URL https://znanium.ru/catalog/document?id=456042
856 Электронный адрес документа 48
a Имя сервера/домена znanium.ru
d Путь /cover/2169
f Электронное имя 2169274.jpg
q Тип электронного формата image/jpeg
u URL https://znanium.ru/cover/2169/2169274.jpg
911 __
u 0030=https://znanium.ru/catalog/document?id=456042